NHL Teams by Championships Won - Statistics

General Stats
  • This quiz has been taken 56 times
    33 since last reset
  • The average score is 18 of 22
Answer Stats
Hint Answer % Correct
1984, 1985, 1987, 1988, 1990 Edmonton Oilers
95%
2024, 2025 Florida Panthers
95%
1996, 2001, 2022 Colorado Avalanche
90%
1916, 1924, 1930, 1931, 1944, 1946, 1953, 1956, 1957, 1958, 1959, 1960, 1965, 1966, 1968, 1971, 1973, 1976, 1977, 1978, 1979, 1986, 1993 Montreal Canadiens
90%
1991, 1992, 2009, 2016, 2017 Pittsburgh Penguins
90%
2004, 2020, 2021 Tampa Bay Lightning
90%
2023 Vegas Golden Knights
90%
2007 Anaheim Ducks
85%
1934, 1938, 1961, 2010, 2013, 2015 Chicago Blackhawks
85%
2018 Washington Capitals
85%
1989 Calgary Flames
80%
1936, 1937, 1943, 1950, 1952, 1954, 1955, 1997, 1998, 2002, 2008 Detroit Red Wings
80%
2012, 2014 Los Angeles Kings
80%
1995, 2000, 2003 New Jersey Devils
80%
1980, 1981, 1982, 1983 New York Islanders
80%
1974, 1975 Philadelphia Flyers
80%
2019 St. Louis Blues
80%
1918, 1922, 1932, 1942, 1945, 1947, 1948, 1949, 1951, 1962, 1963, 1964, 1967 Toronto Maple Leafs
80%
1929, 1939, 1941, 1970, 1972, 2011 Boston Bruins
75%
2006 Carolina Hurricanes
75%
1999 Dallas Stars
75%
1928, 1933, 1940, 1994 New York Rangers
75%
No matching quizzes found
Score Distribution
Percent of People with Each Score
Percentile by Number Answered
Your Score History
You have not taken this quiz since the last reset